| 000 | 00568nam a2200241Ia 4500 | ||
|---|---|---|---|
| 008 | 210210b1959 xxu||||| |||| 00| 0 eng d | ||
| 041 | _aeng | ||
| 082 | _a230/102 | ||
| 100 | _aLITTELEDAEE (A V) Tr. | ||
| 245 |
_aConfession _bMeaning and practice of the sacrament of penance |
||
| 260 |
_aLondon _bNot Mentioned _c1959 |
||
| 300 | _a128 | ||
| 650 | _athe | ||
| 650 | _asacrament | ||
| 650 | _apractice | ||
| 650 | _apenance | ||
| 650 | _aof | ||
| 650 | _aMeaning | ||
| 650 | _aConfesion | ||
| 650 | _aand | ||
| 690 | _aChristianity | ||
| 906 | _a001338 | ||
| 999 |
_c116464 _d116464 |
||